[Event "Tourn. n8405"]
[Site "www.chess-mail.com"]
[Date "2015.11.08"]
[Round "1"]
[White "Xkafi"]
[Black "Hundegana"]
[WhiteElo "2030"]
[BlackElo "2000"]
[Result "0-1"]
[Round "1"]
1.e4 c5
2.Bf1c4 e6
3.d4 Ng8f6
4.Bc1g5 Bf8e7
5.Bg5f4 Nb8c6
6.d5 Nc6a5
7.Bc4b5 a6
8.Bb5e2 Qd8b6
9.Bf4e5 Nf6xe4
10.Be5xg7 Rh8g8
11.Bg7h6 c4
12.Bh6e3 Be7c5
13.Be3xc5 Qb6xc5
14.Ng1h3 exd5
15.O-O d6
16.Nh3f4 Bc8e6
17.Nf4xe6 fxe6
18.Be2h5 Kd7
19.Nb1d2 Ne4xd2
20.Qd1xd2 Ra8f8
21.Qd2h6 Na5c6
22.Ra1e1 Nc6e5
23.Qh6xh7 Kc8
24.Re1e3 Rg8h8
25.Qh7g6 Ne5xg6
{ resign }
0-1

[Event "Tourn. n8458"]
[Site "www.chess-mail.com"]
[Date "2015.11.08"]
[Round "1"]
[White "Vitoriccardo"]
[Black "Genius7"]
[WhiteElo "1850"]
[BlackElo "1770"]
[Result "1/2-1/2"]
[Round "1"]
1.e4 e5
2.Ng1f3 Nb8c6
3.Bf1c4 Ng8f6
4.Nf3g5 d5
5.exd5 Nc6a5
6.Bc4b5 c6
7.dxc6 bxc6
8.Bb5d3 Nf6d5
9.Ng5e4 Nd5f4
10.Qd1f3 Qd8d4
11.O-O Nf4xd3
12.Qf3xd3 Qd4xd3
13.cxd3 Bc8a6
14.Rf1e1 Ba6xd3
15.Re1e3 Bd3c4
16.d3 Bc4d5
17.Bc1d2 Na5b7
18.Nb1c3 f6
19.Ra1e1 O-O-O
20.Re1c1 Kb8
21.Nc3a4 Bf8e7
22.Na4c5 Nb7xc5
23.Ne4xc5 Be7xc5
24.Rc1xc5 Rd8d7
25.a4 Rd7b7
26.b4 Rh8d8
27.Re3e1 Bd5b3
28.Re1a1 Rd8xd3
29.Bd2e3 Bb3xa4
30.Rc5a5 Rd3d1
31.Ra1xd1 Ba4xd1
32.Be3c5 Bd1b3
33.Bc5d6 Kc8
34.Ra5c5 Bb3d5
35.Bd6f8 Rb7f7
36.Bf8d6 Kd7
37.Bd6b8 Kc8
38.Bb8d6 Rf7b7
39.Bd6f8 Rb7xb4
40.Rc5xc6 Bd5xc6
41.Bf8xb4 g6
42.Bb4e7 f5
43.Be7f6 { draw }
1/2-1/2

[Event "Tourn. n8402"]
[Site "www.chess-mail.com"]
[Date "2015.11.08"]
[Round "1"]
[White "Gatrooper"]
[Black "Cardiff"]
[WhiteElo "1610"]
[BlackElo "1780"]
[Result "0-1"]
[Round "1"]
1.e4 e6
2.d4 d5
3.e5 c5
4.c3 Qd8b6
5.dxc5 Bf8xc5
6.Bc1e3 Bc5xe3
7.fxe3 Qb6xe3
8.Ng1e2 Ng8h6
9.Nb1d2 Qe3xe5
10.Nd2f3 Qe5c7
11.Qd1d4 O-O
12.Ne2f4 Nb8c6
13.Qd4d3 Qc7xf4
14.h4 e5
15.Nf3g5 Bc8f5
16.Qd3xd5 Qf4e3
17.Bf1e2 Bf5g4
18.Qd5d2 Qe3xd2
19.Kxd2 Bg4xe2
20.Kxe2 Rf8e8
21.Rh1f1 Ra8d8
22.Kf2 f6
23.Ng5e4 Nh6f7
24.Kg1 Nf7d6
25.Ne4xd6 Rd8xd6
26.g3 Re8d8
27.g4 Rd6d2
28.a3 Rd2xb2
29.a4 Rd8d2
30.Rf1d1 Rd2g2
31.Kf1 Rb2f2
32.Ke1 e4
33.Rd1c1 e3
34.Ra1b1 Rg2g1
{ resign }
0-1

[Event "Tourn. n8454"]
[Site "www.chess-mail.com"]
[Date "2015.11.08"]
[Round "1"]
[White "Cathar"]
[Black "Faerieking"]
[WhiteElo "2290"]
[BlackElo "2310"]
[Result "1-0"]
[Round "1"]
1.e4 d5
2.exd5 Ng8f6
3.c4 e6
4.dxe6 Bc8xe6
5.Ng1f3 Nb8c6
6.d4 Qd8e7
7.Bc1e3 O-O-O
8.Bf1e2 h6
9.O-O g5
10.d5 Nf6g4
11.Be3d2 Bf8g7
12.Nb1c3 Nc6e5
13.Nf3xe5 Ng4xe5
14.dxe6 fxe6
15.Qd1c2 { resign }
1-0

[Event "Match"]
[Site "www.echecsemail.com"]
[Date "2015.11.08"]
[Round "1"]
[White "Pinehill"]
[Black "Genius7"]
[WhiteElo "2030"]
[BlackElo "1730"]
[Result "1/2-1/2"]
[Round "1"]
1.e4 e6
2.d4 d5
3.e5 c5
4.c3 Nb8c6
5.Ng1f3 Qd8b6
6.a3 c4
7.Qd1c2 f6
8.g3 fxe5
9.dxe5 Ng8e7
10.Bf1g2 Ne7g6
11.O-O Bf8e7
12.Bc1g5 Bc8d7
13.Nb1d2 O-O
14.Bg5xe7 Nc6xe7
15.Rf1e1 Ra8c8
16.Nf3d4 Ne7c6
17.f4 Nc6xd4
18.cxd4 Qb6xd4
19.Kh1 b5
20.Ra1d1 Bd7c6
21.Nd2e4 Qd4b6
22.Ne4d6 Rc8d8
23.Bg2h3 Bc6d7
24.Qc2c3 a5
25.Qc3c2 b4
26.Qc2d2 Rd8b8
27.Nd6xc4 Qb6b5
28.Nc4d6 Qb5b6
29.f5 Ng6xe5
30.Re1xe5 Qb6xd6
31.Rd1e1 bxa3
32.fxe6 axb2
33.exd7 Qd6xe5
34.Re1xe5 b1Q
35.Re5e1 Qb1b5
36.Bh3e6 Kh8
37.Kg2 a4
38.Qd2xd5 Qb5b2
39.Kh3 a3
40.Qd5d6 a2
41.Be6xa2 Qb2xa2
42.Qd6xb8 Rf8xb8
43.Re1e8 Rb8xe8
44.dxe8R Qa2g8
{ draw }
1/2-1/2

[Event "Match"]
[Site "www.echecsemail.com"]
[Date "2015.11.08"]
[Round "1"]
[White "Jhw"]
[Black "Gimmyg"]
[WhiteElo "1900"]
[BlackElo "2460"]
[Result "0-1"]
[Round "1"]
1.c4 Ng8f6
2.e3 e6
3.a3 b6
4.f3 Bf8e7
5.Nb1c3 O-O
6.d4 d5
7.Qd1e2 Bc8a6
8.b3 c5
9.g4 dxc4
10.bxc4 cxd4
11.Qe2g2 dxc3
12.f4 Nf6xg4
13.Qg2xa8 Be7h4
14.Ke2 Ba6xc4
{ resign }
0-1

[Event "Match"]
[Site "www.echecsemail.com"]
[Date "2015.11.08"]
[Round "1"]
[White "Juodivarnai"]
[Black "Calponas"]
[WhiteElo "2200"]
[BlackElo "2030"]
[Result "0-1"]
[Round "1"]
1.e4 c5
2.Ng1f3 d6
3.d4 cxd4
4.Nf3xd4 Ng8f6
5.Nb1c3 a6
6.Bc1e3 e5
7.Nd4b3 Bf8e7
8.f3 Bc8e6
9.Qd1d2 Qd8c7
10.O-O-O Nb8d7
11.g4 O-O-O
12.h4 Rh8e8
13.g5 Nf6h5
14.Bf1e2 Be7f8
15.f4 exf4
16.Be3xf4 Nh5xf4
17.Qd2xf4 Nd7e5
18.Kb1 Kb8
19.Nc3d5 Be6xd5
20.exd5 Ne5g6
21.Qf4f2 Re8e4
22.Be2d3 Re4f4
23.Qf2g3 Rf4b4
24.h5 Ng6e5
25.a3 Rb4g4
26.Qg3e3 Bf8e7
27.Bd3xh7 Be7xg5
28.Qe3e2 f6
29.Bh7f5 Rg4f4
30.Rd1f1 Rf4xf1
31.Rh1xf1 Ka7
32.Nb3d4 Rd8e8
33.Nd4e6 Qc7c4
34.Qe2xc4 Ne5xc4
35.Ne6xg5 Nc4d2
36.Kc1 Nd2xf1
37.Ng5e6 Re8e7
38.c3 Nf1e3
39.Bf5e4 Ne3g4
40.Be4f5 Ng4h6
41.Bf5g6 Kb6
42.Kd2 Kb5
43.Kd3 a5
44.Kd4 Ka4
45.Bg6c2 Kb5
46.a4 Ka6
47.Bc2d3 Kb6
48.Bd3g6 Ka7
49.Bg6d3 Nh6g4
50.Bd3e2 Ng4e5
51.c4 b6
52.b3 Kb8
53.Kc3 Kc8
54.Kd4 Kd7
55.Kc3 Re7xe6
56.dxe6 Kxe6
57.Kd4 f5
58.Ke3 Kf6
59.Kf4 Ne5f7
60.Be2d3 Nf7h6
61.Bd3c2 g5
{ resign }
0-1

[Event "Match"]
[Site "www.echecsemail.com"]
[Date "2015.11.08"]
[Round "1"]
[White "Goosebumps"]
[Black "Gmscalpel"]
[WhiteElo "2100"]
[BlackElo "2020"]
[Result "1-0"]
[Round "1"]
1.d4 d5
2.e3 a6
3.Bf1d3 Ng8f6
4.f4 e6
5.Nb1d2 Nb8c6
6.c3 Bf8e7
7.Ng1f3 O-O
8.Nf3e5 Nc6xe5
9.fxe5 Nf6e4
10.Nd2xe4 dxe4
11.Bd3xe4 c6
12.O-O Ra8a7
13.Rf1f3 { resign }
1-0

[Event "Match"]
[Site "www.echecsemail.com"]
[Date "2015.11.08"]
[Round "1"]
[White "Mrmoto"]
[Black "Jhw"]
[WhiteElo "1580"]
[BlackElo "2039"]
[Result "0-1"]
[Round "1"]
1.e4 e5
2.Ng1f3 Ng8f6
3.Nf3xe5 Qd8e7
4.d4 d6
5.Ne5f3 Nf6xe4
6.Bf1e2 g6
7.O-O Bf8g7
8.c3 Bc8f5
9.Nb1d2 Nb8d7
10.Nd2xe4 Bf5xe4
11.Rf1e1 O-O-O
12.Be2d3 d5
13.c4 Nd7f6
14.Bc1g5 Rh8e8
15.Qd1d2 h6
16.Bg5xh6 Bg7h8
17.Nf3e5 Be4xd3
18.Qd2xd3 dxc4
19.Qd3xc4 Nf6g4
20.Bh6d2 Qe7h4
21.Ne5xg4 Qh4xg4
22.Ra1c1 c6
23.Re1xe8 Rd8xe8
24.Qc4xf7 Qg4e2
25.Bd2e3 Re8e4
26.Qf7f8 Kd7
27.Qf8f7 Kd8
28.h3 Re4xe3
29.fxe3 Qe2xe3
30.Kh2 Qe3xc1
31.Qf7g8 Kc7
32.Qg8xh8 Qc1f4
33.Kh1 Qf4c1
34.Kh2 Qc1xb2
35.Qh8e5 Kb6
36.a4 Ka6
37.a5 Qb2c3
38.Qe5e2 b5
39.d5 Kxa5
40.Qe2a2 Kb6
41.d6 Qc3e5
42.Kg1 Qe5xd6
43.Qa2c2 Qd6c5
{ resign }
0-1

[Event "Eq:Los Tercios-chibcha : "]
[Site "www.chess-mail.com"]
[Date "2015.11.08"]
[Round "1"]
[White "Karlgrocer"]
[Black "Churrasca"]
[WhiteElo "1940"]
[BlackElo "2170"]
[Result "0-1"]
[Round "1"]
1.Ng1f3 Ng8f6
2.b3 Nb8c6
3.Bc1b2 d5
4.e3 a6
5.Bf1e2 e6
6.O-O Bf8e7
7.d3 O-O
8.Nb1d2 b5
9.c4 Bc8b7
10.d4 dxc4
11.bxc4 Ra8b8
12.cxb5 axb5
13.Be2xb5 Nc6a7
14.Bb5e2 Bb7xf3
15.Be2xf3 Rb8xb2
16.Nd2c4 Rb2b8
17.Qd1a4 Na7b5
18.Qa4c2 Nb5a3
19.Qc2d3 Na3xc4
20.Qd3xc4 Rb8b4
21.Qc4c2 Qd8b8
22.g3 Rb4b2
23.Qc2c4 Rf8c8
24.a4 Qb8b4
25.Qc4c6 Qb4a5
26.Rf1d1 Rc8b8
27.h3 Be7d6
28.Kg2 Qa5g5
29.g4 Qg5h4
30.Rd1f1 Qh4g3
31.Kh1 Qg3h2
{ resign }
0-1

[Event "Fast Game"]
[Site "www.echecsemail.com"]
[Date "2015.11.08"]
[Round "1"]
[White "Lino"]
[Black "Attatroll"]
[WhiteElo "1599"]
[BlackElo "1770"]
[Result "0-1"]
[Round "1"]
1.e4 d6
2.d4 Ng8f6
3.Nb1c3 g6
4.Bc1e3 Bf8g7
5.Qd1d2 O-O
6.O-O-O c6
7.Be3h6 Nb8d7
8.Bh6xg7 Kxg7
9.f3 b5
10.e5 Nf6e8
11.h4 h5
12.g4 Rf8h8
13.gxh5 Rh8xh5
14.Ng1e2 b4
15.Ne2g3 Rh5h8
16.Nc3e4 d5
17.Ne4g5 e6
18.h5 Ne8c7
19.Bf1d3 c5
20.hxg6 c4
21.Qd2f4 Qd8e7
22.Rh1xh8 Kxh8
23.Ng5xf7 Kg8
 { time }
0-1

[Event "Fast Game"]
[Site "www.echecsemail.com"]
[Date "2015.11.08"]
[Round "1"]
[White "Jhw"]
[Black "Goosebumps"]
[WhiteElo "1710"]
[BlackElo "1829"]
[Result "0-1"]
[Round "1"]
1.c4 e5
2.e3 Ng8f6
3.a3 d5
4.Nb1c3 Bc8e6
5.Qd1b3 dxc4
6.Qb3xb7 Nb8d7
7.Nc3b5 Bf8d6
8.Nb5xd6 cxd6
9.Qb7c6 O-O
10.Qc6xd6 Rf8e8
11.g3 Nf6e4
12.Qd6b4 Ra8b8
13.Qb4a4 Qd8c7
14.f3 Ne4f6
15.g4 h6
16.h4 e4
17.g5 hxg5
18.hxg5 Qc7g3
19.Kd1 Qg3xg5
20.Qa4xa7 exf3
21.Ng1xf3 Qg5g3
22.Bf1e2 Be6h3
23.Rh1g1 Qg3f2
24.Qa7d4 Bh3g2
25.Qd4f4 Bg2xf3
26.Rg1e1 Bf3xe2
27.Re1xe2 Qf2xf4
28.exf4 Re8xe2
29.Kxe2 Rb8b3
30.a4 Nf6d5
31.Ra1a3 Rb3xa3
32.bxa3 Nd5xf4
33.Ke3 Nf4d3
34.a5 Nd7b8
35.Kd4 Kf8
36.Kxc4 Nd3xc1
37.d4 Ke7
38.d5 Kd6
39.a4 g5
40.Kb5 Kc7
41.a6 Nb8d7
42.a7 Kb7
43.d6 g4
44.a8Q Kxa8
45.Kc6 Nd7f8
46.Kc7 g3
47.Kd8 g2
48.Ke8 Nf8e6
49.d7 g1Q
50.Kxf7 Qg1b6
51.a5 Ne6d8
52.Ke7 Qb6xa5
53.Ke8 Kb7
54.Ke7 Qa5b6
55.Ke8 Kc6
56.Ke7 Kd5
57.Kf8 Qb6e6
{ resign }
0-1

[Event "Tourn. n8426"]
[Site "www.chess-mail.com"]
[Date "2015.11.09"]
[Round "1"]
[White "Crull"]
[Black "Jftgalloso"]
[WhiteElo "1740"]
[BlackElo "1710"]
[Result "0-1"]
[Round "1"]
1.d4 e6
2.e4 c5
3.Ng1f3 cxd4
4.Nf3xd4 a6
5.Nb1c3 Qd8c7
6.Bf1d3 b5
7.O-O Nb8c6
8.Nd4f3 Ng8f6
9.Bc1g5 Bf8e7
10.Rf1e1 h6
11.Bg5h4 g5
 { time }
0-1

[Event "Tourn. n8461"]
[Site "www.chess-mail.com"]
[Date "2015.11.09"]
[Round "1"]
[White "Caspito"]
[Black "Raven16"]
[WhiteElo "1780"]
[BlackElo "1689"]
[Result "0-1"]
[Round "1"]
1.e4 e5
2.Ng1f3 Nb8c6
3.Bf1b5 a6
4.Bb5xc6 dxc6
5.Nf3xe5 Qd8d4
6.O-O Qd4xe5
7.d4 Qe5e6
8.Rf1e1 Bf8e7
9.Qd1h5 Ng8f6
10.Qh5f3 Qe6g4
11.Nb1d2 O-O
12.c3 Bc8e6
13.e5 Nf6d5
14.Re1e4 Qg4xf3
15.Nd2xf3 Be6f5
16.Re4e1 c5
17.a3 cxd4
18.Nf3xd4 Bf5e6
19.a4 c5
20.Nd4b3 Nd5xc3
21.Nb3xc5 Be7xc5
22.bxc3 b5
23.Re1e4 Rf8d8
24.Bc1e3 Bc5xe3
25.Re4xe3 Be6c4
26.f4 Kf8
27.g4 Rd8d3
28.Re3xd3 Bc4xd3
29.Ra1a2 Ra8c8
30.Ra2a3 Rc8c4
31.axb5 axb5
32.Ra3a8 Ke7
33.Ra8a7 Ke6
34.f5 Kxe5
35.h3 Kf6
36.Kf2 Rc4xc3
37.Ra7b7 Bd3c4
38.h4 g6
{ resign }
0-1

[Event "Tourn. n8469"]
[Site "www.chess-mail.com"]
[Date "2015.11.09"]
[Round "1"]
[White "Masteratches"]
[Black "Umzi"]
[WhiteElo "2069"]
[BlackElo "2200"]
[Result "1-0"]
[Round "1"]
1.d4 d5
2.c4 c6
3.Ng1f3 Ng8f6
4.Nb1c3 e6
5.Bc1g5 Nb8d7
6.cxd5 cxd5
7.e3 a6
8.Bf1d3 Bf8e7
9.O-O O-O
10.a4 b6
11.Ra1c1 Bc8b7
12.Qd1c2 h6
13.Bg5h4 Ra8c8
14.Qc2e2 a5
15.Nc3b5 Nf6e4
16.Rc1xc8 Bb7xc8
17.Bh4xe7 Qd8xe7
18.Qe2c2 Nd7f6
19.Nf3e5 Bc8b7
20.Rf1c1 Rf8c8
21.Qc2xc8 Bb7xc8
22.Rc1xc8 Kh7
23.Ne5c6 Qe7d7
24.Rc8c7 Qd7e8
25.f3 g6
26.fxe4 dxe4
27.Nb5d6 Qe8g8
28.Bd3c4 Nf6d5
29.Bc4xd5 exd5
30.Rc7xf7 { resign }
1-0

[Event "Tourn. n8421"]
[Site "www.chess-mail.com"]
[Date "2015.11.09"]
[Round "1"]
[White "Julian"]
[Black "Crull"]
[WhiteElo "1770"]
[BlackElo "1740"]
[Result "1-0"]
[Round "1"]
1.e4 c5
2.Ng1f3 d6
3.c3 Ng8f6
4.d3 Nb8c6
5.h3 e5
6.Bc1e3 Bf8e7
7.g3 O-O
8.Nb1d2 Bc8e6
9.Bf1g2 d5
10.exd5 Be6xd5
11.O-O Qd8c8
12.Nd2e4 Rf8d8
13.Ne4xf6 Be7xf6
14.Qd1c2 c4
15.dxc4  { time }
1-0

[Event "Tourn. n8440"]
[Site "www.chess-mail.com"]
[Date "2015.11.09"]
[Round "1"]
[White "Attatroll"]
[Black "Maredocla"]
[WhiteElo "2010"]
[BlackElo "2030"]
[Result "0-1"]
[Round "1"]
1.e4 c5
2.Nb1c3 Nb8c6
3.g4 g6
4.Bf1g2 Bf8g7
5.h3 d6
6.d3 Bg7xc3
7.bxc3 Bc8d7
8.Ng1e2 e5
9.O-O Qd8c8
10.f4 exf4
11.Bc1xf4 Qc8c7
12.d4 cxd4
13.cxd4 O-O-O
14.e5 dxe5
15.Bg2xc6 Qc7xc6
16.Bf4xe5 f6
17.d5 Qc6c5
18.Be5d4 Qc5xd5
19.Bd4xa7 Qd5e4
20.Ne2g3 Qe4a4
21.Ba7b6 Rd8e8
22.Qd1d6 Qa4c6
23.Qd6xc6 Bd7xc6
24.c4 Re8e6
25.c5 Re6e3
26.Ng3h1 h5
27.Ra1d1 Ng8e7
28.Rf1xf6 hxg4
29.Kf2 Re3xh3
30.Nh1g3 Rh3h2
31.Ke3 Ne7d5
32.Kd4 Nd5xb6
33.cxb6 Rh8d8
{ resign }
0-1

[Event "Tourn. n8414"]
[Site "www.chess-mail.com"]
[Date "2015.11.09"]
[Round "1"]
[White "Gatrooper"]
[Black "Caspito"]
[WhiteElo "1650"]
[BlackElo "1810"]
[Result "0-1"]
[Round "1"]
1.e4 e5
2.a3 Ng8f6
3.Nb1c3 d5
4.exd5 Nf6xd5
5.Nc3xd5 Qd8xd5
6.d3 Bf8c5
7.Bc1e3 Bc5xe3
8.fxe3 Nb8c6
9.e4 Qd5d8
10.Ng1f3 Bc8g4
11.Bf1e2 O-O
12.h3 Bg4e6
13.Qd1c1 b5
14.h4 Be6g4
15.Nf3g5 Bg4xe2
16.Kxe2 Nc6d4
17.Kd1 c5
18.Qc1d2 a5
19.Ng5f3 Qd8d6
20.Nf3xd4 cxd4
21.h5 Qd6e6
22.h6 g6
23.Kc1 Ra8c8
24.Rh1f1 Rc8c7
25.g3 Rf8c8
26.c3 Qe6b3
27.Qd2c2 a4
28.Qc2xb3 axb3
29.Kd2 Kf8
30.g4 dxc3
31.bxc3 Rc7xc3
32.Ra1c1 Rc3c2
33.Rc1xc2 Rc8xc2
34.Ke3 Rc2h2
35.Rf1b1 b2
36.d4 Rh2h3
37.Kd2 exd4
38.Rb1xb2 Rh3h2
39.Kc1 Rh2xb2
40.Kxb2 Ke7
41.g5 Ke6
42.Kc2 Kd6
43.Kd3 Kc5
44.e5 Kd5
45.Kd2 Kxe5
46.Kd3 Kd5
47.Kd2 Kc4
48.Kc2 d3
49.Kd2 Kb3
50.Kxd3 Kxa3
51.Kc2 b4
52.Kb1 Kb3
53.Ka1 Kc2
54.Ka2 b3
55.Ka3 b2
{ resign }
0-1

[Event "Tourn. n8403"]
[Site "www.chess-mail.com"]
[Date "2015.11.09"]
[Round "1"]
[White "Bojan"]
[Black "Pariolinius"]
[WhiteElo "1940"]
[BlackElo "1940"]
[Result "1-0"]
[Round "1"]
1.c3 d5
2.d4 Ng8f6
3.g3 e6
4.Bf1g2 Bf8d6
5.Ng1f3 O-O
6.Nf3e5 Nb8d7
7.Nb1d2 Nd7xe5
8.dxe5 Bd6xe5
9.Nd2f3 Be5d6
10.Qd1d3 Bc8d7
11.Nf3g5 c6
12.O-O e5
13.f3 Bd6c5
14.Kh1 g6
15.Ng5h3 Qd8c7
16.Nh3f2 Ra8d8
17.Rf1e1 Bd7f5
18.Qd3d2 Qc7b6
19.Nf2d3 Bc5d6
20.Qd2h6 Rf8e8
21.b3 Bd6f8
22.Qh6g5 Bf8g7
23.Re1f1 h6
24.Qg5d2 e4
25.Nd3f4 e3
26.Qd2e1 d4
27.Bc1b2 Nf6h5
28.Nf4xh5 gxh5
29.cxd4 Bg7xd4
30.Bb2xd4 Rd8xd4
31.Qe1c3 Rd4d2
32.Rf1e1 Re8d8
33.f4 Qb6d4
34.Qc3a5 Bf5e4
35.Qa5xh5 Be4xg2
36.Kxg2 Qd4g7
37.a4 Rd2d5
38.Qh5f3 Rd8e8
39.Ra1d1 Rd5d2
40.Rd1b1 Qg7g6
41.Re1d1 Qg6e4
42.Rb1c1 Qe4xf3
43.Kxf3 Kg7
44.Rd1e1 Kf6
45.Rc1c3 Rd2b2
46.Re1d1 Rb2d2
47.Rc3d3 Rd2xd1
48.Rd3xd1 Kf5
49.Rd1d3 Re8e7
50.g4 Kf6
51.Rd3d6 Kg7
52.h4 f6
53.f5 c5
54.Rd6d3 a6
55.Rd3xe3 Re7c7
56.Re3d3 Kf7
57.Rd3d6 Ke7
58.Rd6e6 Kf7
59.e4 Rc7d7
60.Ke3 Rd7d8
61.Re6b6 Rd8b8
62.Kd3 Ke7
63.Kc4 { resign }
1-0

[Event "Tourn. n8447"]
[Site "www.chess-mail.com"]
[Date "2015.11.09"]
[Round "1"]
[White "Cardiff"]
[Black "Hundegana"]
[WhiteElo "1810"]
[BlackElo "2000"]
[Result "0-1"]
[Round "1"]
1.d4 d6
2.g3 Ng8f6
3.Bf1g2 c6
4.c4 b5
5.cxb5 Qd8a5
6.Nb1c3 d5
7.bxc6 Nb8xc6
8.Ng1f3 e6
9.O-O Bc8a6
10.Bc1g5 Nf6d7
11.Rf1e1 f6
12.Bg5d2 Qa5d8
13.e3 Ra8b8
14.b3 Bf8b4
15.a3 Bb4xc3
16.Bd2xc3 O-O
17.b4 Ba6c4
18.Nf3d2 Bc4d3
19.Nd2b3 Bd3g6
20.Nb3c5 Nd7xc5
21.bxc5 Rf8f7
22.Qd1a4 Qd8d7
23.h4 h5
24.Ra1b1 Rb8xb1
25.Re1xb1 Bg6xb1
{ resign }
0-1

[Event "Tourn. n8398"]
[Site "www.chess-mail.com"]
[Date "2015.11.09"]
[Round "1"]
[White "Xkafi"]
[Black "Umzi"]
[WhiteElo "2040"]
[BlackElo "2130"]
[Result "0-1"]
[Round "1"]
1.e4 d5
2.exd5 Qd8xd5
3.Nb1c3 Qd5a5
4.Ng1f3 Ng8f6
5.Bf1d3 Bc8g4
6.h3 Bg4h5
7.O-O e6
8.Rf1e1 c6
9.g4 Nf6xg4
10.hxg4 Bh5xg4
11.Bd3f1 h5
12.d3 Qa5f5
13.Re1e5 Qf5xf3
14.Qd1xf3 Bg4xf3
15.Bc1g5 Nb8d7
16.Re5e3 Bf3g4
17.Ra1e1 Bf8e7
18.Bg5xe7 Kxe7
19.Bf1h3 Bg4xh3
20.Re3xh3 g5
21.f3 Ra8g8
22.Kf2 f5
23.Nc3e2 g4
24.fxg4 hxg4
25.Rh3xh8 Rg8xh8
26.Ne2d4 Nd7f8
27.Nd4xf5 Kf6
28.Nf5e3 Kg5
29.Re1g1 Rh8h4
30.Kg3 Nf8g6
31.Kf2 Ng6e5
32.b3 b5
33.d4 Ne5f3
34.Rg1g3 Nf3xd4
35.Rg3g2 Nd4f5
36.Ne3f1 Rh4h3
37.Nf1h2 g3
38.Rg2xg3 Nf5xg3
39.Nh2f3 Kf4
{ resign }
0-1

[Event "Tourn. n8426"]
[Site "www.chess-mail.com"]
[Date "2015.11.09"]
[Round "1"]
[White "Crull"]
[Black "Iko"]
[WhiteElo "1740"]
[BlackElo "1710"]
[Result "0-1"]
[Round "1"]
1.d4 d5
2.c4 Ng8f6
3.Ng1f3 dxc4
4.Nb1c3 Bc8g4
5.e3 b5
6.Nc3xb5 Bg4e6
7.Qd1a4 Nf6d7
8.Bf1xc4 c6
9.Nb5c3 Nd7b6
10.Qa4b3 Be6xc4
11.Qb3c2 Nb8a6
12.b3 Na6b4
13.Qc2d2 e6
 { time }
0-1

[Event "Tourn. n8460"]
[Site "www.chess-mail.com"]
[Date "2015.11.09"]
[Round "1"]
[White "Alexandrub"]
[Black "Easychess"]
[WhiteElo "1589"]
[BlackElo "1540"]
[Result "1-0"]
[Round "1"]
1.d4 d5
2.c4 e6
3.Nb1c3 Bf8b4
4.Qd1c2 Ng8f6
5.Ng1f3 O-O
6.Bc1d2 Nb8a6
7.e3 Nf6e4
8.Nc3xe4 { resign }
1-0

[Event "Tourn. n8381"]
[Site "www.chess-mail.com"]
[Date "2015.11.09"]
[Round "1"]
[White "Tomcapp"]
[Black "Huw"]
[WhiteElo "1680"]
[BlackElo "1709"]
[Result "0-1"]
[Round "1"]
1.e4 e5
2.Ng1f3 Nb8c6
3.Bf1b5 a6
4.Bb5xc6 dxc6
5.c4 Bf8c5
6.d4 exd4
7.Nb1d2 Bc8g4
8.a3 Ng8f6
9.b4 Bc5e7
10.c5 a5
11.bxa5 Be7xc5
12.e5 Nf6d5
13.a6 Ra8xa6
14.Nd2e4 Bc5b6
15.h3 Bg4f5
16.Ne4g5 Nd5c3
17.Qd1b3 O-O
18.e6 Rf8e8
19.O-O Nc3e2
20.Kh1 fxe6
21.Nf3e5 Qd8d5
22.Qb3xd5 cxd5
23.Ne5d7 h6
24.Ng5f3 Bf5e4
25.Ra1a2 Be4xf3
26.gxf3 Ne2c3
27.Ra2c2 e5
28.Nd7xb6 Ra6xb6
29.Rf1g1 Rb6b1
30.a4 Re8a8
31.a5 Ra8xa5
32.Bc1d2 Rb1xg1
33.Kxg1 Ra5a1
34.Kg2 Ra1a2
35.Rc2xa2 Nc3xa2
36.Kf1 c5
37.f4 e4
38.f5 b5
39.h4 b4
40.f6 c4
41.f7 Kxf7
42.Ke2 b3
43.Kd1 c3
44.Bd2xc3 dxc3
{ resign }
0-1

[Event "Tourn. n8427"]
[Site "www.chess-mail.com"]
[Date "2015.11.09"]
[Round "1"]
[White "Luban"]
[Black "Mitja"]
[WhiteElo "2140"]
[BlackElo "2000"]
[Result "0-1"]
[Round "1"]
1.d4 d5
2.Ng1f3 e6
3.e3 c6
4.a3 Nb8d7
5.c4 dxc4
6.Bf1xc4 Nd7b6
7.Bc4d3 Ng8f6
8.Nb1c3 Nb6d5
9.e4 Nd5xc3
10.bxc3 Bf8e7
11.O-O b6
12.Bc1b2 Bc8b7
13.c4 O-O
14.Qd1c2 g6
15.Ra1d1 Rf8e8
16.Qc2c3 Be7f8
17.d5 Bf8g7
18.e5 Nf6d7
19.d6 c5
20.Bd3e2 Ra8b8
21.Rf1e1 Re8f8
22.Qc3d3 a6
23.h3 Bb7xf3
24.Be2xf3 a5
25.Bf3c6 Rb8c8
26.Bc6xd7 Qd8xd7
27.f4 Rc8b8
28.Bb2c3 Rf8d8
29.Qd3f3 Qd7a4
30.d7 Rd8xd7
31.Rd1xd7 Qa4xd7
32.Re1d1 Qd7c7
33.Qf3d3 Qc7c8
34.Kf2 Qc8e8
35.g4 Bg7f8
36.f5 exf5
37.gxf5 Bf8e7
38.Qd3g3 Rb8d8
39.Rd1d5 Rd8d7
40.f6 Be7f8
41.Bc3d2 Rd7c7
42.Qg3h4 Qe8a4
43.Bd2h6 Qa4e8
44.Qh4g5 Rc7c8
45.h4 Bf8xh6
46.Qg5xh6 Qe8f8
47.Qh6g5 h6
48.Qg5g4 h5
49.Qg4g5 Qf8e8
50.Kf3 Kh7
51.Qg5d2 Rc8b8
52.Kf4 Qe8e6
53.Ke3 Qe6h3
{ resign }
0-1

[Event "Tourn. n8330"]
[Site "www.chess-mail.com"]
[Date "2015.11.09"]
[Round "1"]
[White "Hundegana"]
[Black "Eusegon"]
[WhiteElo "2000"]
[BlackElo "2120"]
[Result "1-0"]
[Round "1"]
1.e4 e6
2.d4 d5
3.e5 c5
4.Ng1f3 Nb8c6
5.c3 Qd8b6
6.Bf1e2 Ng8e7
7.g4 h5
8.g5 h4
9.h3 Ne7f5
10.Nb1a3 cxd4
11.cxd4 Nc6xd4
12.Nf3xd4 Qb6xd4
13.Qd1xd4 Nf5xd4
14.Be2d1 Bc8d7
15.Bc1e3 Nd4f5
16.Ra1c1 Bd7c6
17.O-O Bf8e7
18.Be3f4 O-O
19.Bd1g4 g6
20.Bg4xf5 gxf5
21.Na3c2 Kh7
22.Nc2d4 Ra8c8
23.Nd4xc6 bxc6
24.b3 c5
25.Rf1d1 Rf8g8
26.Kh2 Be7xg5
27.Bf4xg5 Rg8xg5
28.Rd1g1 Rg5xg1
29.Kxg1 Kg6
30.Kg2 f6
31.exf6 Kxf6
32.Rc1c2 c4
33.bxc4 Rc8xc4
34.Rc2b2 a5
35.Kf3 Ke5
36.Rb2e2 Kd6
37.Re2b2  { time }
1-0

[Event "Match"]
[Site "www.echecsemail.com"]
[Date "2015.11.09"]
[Round "1"]
[White "Wagner"]
[Black "Acucar1"]
[WhiteElo "1700"]
[BlackElo "1540"]
[Result "0-1"]
[Round "1"]
1.e4 e5
2.Qd1f3 Ng8f6
3.a3 Nb8c6
4.c3 Nc6a5
5.c4 Nf6xe4
6.Qf3xe4 Na5b3
7.Qe4xe5 Qd8e7
8.Qe5xe7 Bf8xe7
9.Ra1a2 Nb3xc1
10.Nb1c3 Nc1xa2
11.Nc3xa2 b6
12.f4 Bc8b7
13.Ng1e2 d5
14.cxd5 Bb7xd5
15.Na2c3 Bd5b7
16.Ne2d4 O-O-O
17.Nd4f5 Be7f6
18.Rh1g1 Rh8e8
19.Kd1 g6
20.Nf5g3 Bf6d4
21.Rg1h1 Bd4e3
22.Nc3b1 Be3xf4
23.Bf1c4 f5
24.Nb1c3 Rd8xd2
25.Kc1 Rd2d4
{ resign }
0-1

[Event "Match"]
[Site "www.echecsemail.com"]
[Date "2015.11.09"]
[Round "1"]
[White "Goosebumps"]
[Black "Silent1"]
[WhiteElo "2119"]
[BlackElo "1830"]
[Result "1-0"]
[Round "1"]
1.e4 d6
2.d4 Nb8c6
3.Nb1c3 e5
4.dxe5 Nc6xe5
5.f4 Ne5c6
6.Ng1f3 Bf8e7
7.Bf1c4 Ng8f6
8.O-O h6
9.e5 dxe5
10.fxe5 Nf6g4
11.Bc1f4 Be7c5
12.Kh1 O-O
13.Nc3e4 Bc5e7
14.h3 Ng4xe5
15.Bf4xe5 Nc6xe5
16.Nf3xe5 Qd8xd1
17.Ra1xd1 Bc8e6
18.Bc4xe6 fxe6
19.Rf1xf8 Be7xf8
20.Rd1d7 Ra8c8
21.Ne5f7 a6
22.a4 a5
23.Nf7d8 b6
24.Nd8xe6 Rc8e8
25.Ne6xf8 Kxf8
26.Ne4g3 Re8c8
27.Ng3f5 Rc8e8
28.Rd7xc7 g6
29.Nf5xh6 Re8e7
30.Rc7xe7 Kxe7
31.Nh6g4 Ke6
32.Kg1 { resign }
1-0

[Event "Match"]
[Site "www.echecsemail.com"]
[Date "2015.11.09"]
[Round "1"]
[White "Llord"]
[Black "Jhw"]
[WhiteElo "1850"]
[BlackElo "1950"]
[Result "0-1"]
[Round "1"]
1.e4 Ng8f6
2.Nb1c3 g6
3.d4 d5
4.e5 Nf6h5
5.Bf1e2 Nh5g7
6.Bc1h6 Ng7f5
7.Bh6xf8 Rh8xf8
8.Be2g4 c6
9.Ng1f3 h6
10.Bg4xf5 Bc8xf5
11.O-O b5
12.a3 g5
13.h3 g4
14.hxg4 Bf5xg4
15.Qd1d3 e6
16.Nf3h2 Bg4f5
17.Qd3d2 h5
18.Qd2h6 Qd8h4
19.Nc3e2 Bf5xc2
20.Ne2f4 Rf8g8
21.Nh2f3 Qh4e7
22.Ra1c1 Bc2e4
23.Nf4xh5 Rg8g6
24.Qh6h8 Kd7
25.Nh5f6 Kc7
26.Nf6e8 Kb6
27.Nf3h4 Rg6g4
28.g3 Nb8d7
29.Qh8h6 Ra8xe8
30.Qh6d2 Qe7xh4
{ resign }
0-1

[Event "Match"]
[Site "www.echecsemail.com"]
[Date "2015.11.09"]
[Round "1"]
[White "Pinehill"]
[Black "Pariolinius"]
[WhiteElo "1990"]
[BlackElo "1920"]
[Result "1/2-1/2"]
[Round "1"]
1.e4 d6
2.d4 Ng8f6
3.Nb1c3 g6
4.Ng1f3 Bf8g7
5.Bf1e2 O-O
6.O-O Nb8a6
7.a3 c5
8.Be2xa6 bxa6
9.Bc1e3 cxd4
10.Nf3xd4 Bc8g4
11.f3 Bg4d7
12.h3 Ra8b8
13.b4 e5
14.Nd4b3 Bd7e6
15.Nb3a5 Qd8c7
16.Nc3d5 Nf6xd5
17.exd5 Be6d7
18.c4 Rf8c8
19.Ra1c1 Qc7d8
20.Qd1d2 Qd8f8
21.Be3xa7 Rb8a8
22.Ba7f2 Bg7h6
23.Bf2e3 Bh6xe3
24.Qd2xe3 Rc8b8
25.c5 Bd7b5
26.Rf1e1 Rb8c8
27.c6 Qf8e7
28.f4 Rc8e8
29.Na5b7 Qe7c7
30.fxe5 Re8xe5
31.Qe3c3 Ra8e8
32.Re1xe5 Re8xe5
33.Nb7xd6 Qc7xd6
34.c7 Bb5d7
35.c8R Bd7xc8
36.Qc3xc8 Kg7
37.Rc1d1 Re5xd5
38.Rd1xd5 Qd6xd5
39.Qc8xa6 Qd5d4
40.Kf1 Qd4f4
41.Kg1 Qf4e3
42.Kh1 { draw }
1/2-1/2

[Event "Match"]
[Site "www.echecsemail.com"]
[Date "2015.11.09"]
[Round "1"]
[White "Wagner"]
[Black "Lyko"]
[WhiteElo "1690"]
[BlackElo "1499"]
[Result "0-1"]
[Round "1"]
1.e4 c5
2.Ng1f3 d6
3.Bf1c4 h6
4.d3 Ng8f6
5.h3 g5
6.Nb1c3 e6
7.e5 dxe5
8.Nf3xe5 Qd8e7
9.Qd1f3 Bf8g7
10.Bc4b5 Nb8d7
11.Bb5a4 a6
12.Ba4xd7 Nf6xd7
13.Ne5c4 O-O
14.Bc1e3 Nd7e5
15.Qf3e2 Ne5xc4
16.dxc4 Bg7xc3
17.bxc3 Bc8d7
18.f4 gxf4
19.Be3xf4 Qe7f6
20.Bf4e5 Qf6g5
21.h4 Qg5f5
22.O-O-O Bd7c6
23.Rh1h3 Ra8d8
24.Rh3g3 Kh7
25.Qe2e3 Rd8xd1
26.Kb2 f6
27.Qe3xc5 fxe5
28.Rg3f3 Bc6xf3
29.gxf3 Rd1d2
30.Qc5b4 Qf5xc2
31.Ka3 Qc2xa2
{ resign }
0-1